000 00774nas a2200253 4500
001 BR0800046
003 BR-BrBNA
005 20231205111426.0
007 ta
008 230509b bl.|||p| |||| 00| 00por d
040 _aBR-BrBNA
_bpor
_cBiblioteca Nacional de Agricultura
041 _a(Pt)
072 _aL51
100 1 _aMota, M.F.
100 1 _aSantos, G.T. dos
100 1 _aPinto Neto, A.
100 1 _aMoraes, G.V. de
245 1 _aNovos enfoques no manejo nutricional de vacas leiteiras
650 _aGADO LEITEIRO
650 _aNUTRIÇÃO
773 0 _tArquivos de Ciências Veterinárias e Zoologia da UNIPAR (Brazil)
_xISSN 1415-8167
_g(Jul-Dec 2002), v. 5(2) p. 239-249
_wBR0800046
909 _a202311
_bLúcia
_c55
_dLúcia Elande
942 _2AGRIS
_n0
_cANA
999 _c192650
_d192650